00321nam a2200109Ia 4500008004100000082002100041100003900062245001800101260004400119630001800163650003000181211109s9999||||xx |||||||||||||| ||und|| a494.81203bSRE-S aPadnanabha Pillai, Sreekanteswaram 0aSabdataravali bSahithya Pravarthaka...aKottayamc1967 xGeneral Stack aSocial SciencexGeneralia